|
|
|
|
| LEADER |
00000nab a2200000 ar4500 |
| 001 |
vtls011589790 |
| 003 |
SK-MaSNL |
| 005 |
20260303082452.0 |
| 008 |
180405c 2015xo mr|p|||||||000 b|slo |
| 038 |
|
|
|a SNSK
|
| 040 |
|
|
|b slo
|c SNSK
|e AACR2
|
| 041 |
|
|
|a slo
|
| 044 |
|
|
|a xo
|c SK
|
| 080 |
|
|
|a 94
|x (100)
|x "1938/1945"
|x (437.671)
|2 2011
|
| 100 |
1 |
|
|a Michalová, Eliška
|4 aut
|9 1087414
|
| 245 |
1 |
0 |
|a 70 rokov od oslobodenia nášho mesta - kam sme sa dostali?
|c Eliška Michalová
|
| 300 |
|
|
|b Fotogr.
|
| 650 |
0 |
7 |
|a druhá svetová vojna (1939-1945)
|2 snsk
|9 169657
|
| 650 |
0 |
7 |
|a oslobodenie
|2 snsk
|9 335648
|
| 650 |
0 |
7 |
|a 70. výročie ukončenia 2. svetovej vojny
|2 snsk
|9 1087415
|
| 650 |
0 |
7 |
|a dejiny
|2 snsk
|9 3825
|
| 651 |
|
7 |
|a Gelnica (Slovensko)
|2 snsk
|9 16801
|
| 773 |
0 |
|
|t Gelničan : dvojmesačník občanov Gelnice
|g Roč. XXIV., č. 7/2 (január - február 2015), s. 9
|x 1335-3284
|
| 852 |
|
|
|a SNSK
|b KIS3GCP
|
| 999 |
|
|
|c 1788039
|d 1789969
|